Electrocardiography, basic concepts and clinical application / (Record no. 2097)
[ view plain ]
| 000 -LEADER | |
|---|---|
| fixed length control field | 00920pam a2200277 a 4500 |
| 003 - CONTROL NUMBER IDENTIFIER | |
| control field | OSt |
| 005 - DATE AND TIME OF LATEST TRANSACTION | |
| control field | 20220323100826.0 |
| 008 - FIXED-LENGTH DATA ELEMENTS--GENERAL INFORMATION | |
| fixed length control field | 830217s1983 nyua b 001 0 eng |
| 020 ## - INTERNATIONAL STANDARD BOOK NUMBER | |
| International Standard Book Number | 0070574839 (pbk.) |
| 040 ## - CATALOGING SOURCE | |
| Transcribing agency | ALUPE UNIVERSITY |
| 050 10 - LIBRARY OF CONGRESS CALL NUMBER | |
| Classification number | RC683 |
| Item number | .S55 1983 |
| 060 ## - NATIONAL LIBRARY OF MEDICINE CALL NUMBER | |
| Classification number | WG 140 S587e |
| 100 1# - MAIN ENTRY--PERSONAL NAME | |
| Personal name | Silverman, Mark E. |
| 245 10 - TITLE STATEMENT | |
| Title | Electrocardiography, basic concepts and clinical application / |
| Statement of responsibility, etc. | Mark E. Silverman, Robert J. Myerburg, J. Willis Hurst. |
| 260 ## - PUBLICATION, DISTRIBUTION, ETC. | |
| Place of publication, distribution, etc. | New York : |
| Name of publisher, distributor, etc. | McGraw-Hill, |
| Date of publication, distribution, etc. | c1983. |
| 300 ## - PHYSICAL DESCRIPTION | |
| Extent | xv, 349 p. : |
| Other physical details | ill. ; |
| Dimensions | 24 cm. |
| 500 ## - GENERAL NOTE | |
| General note | Includes index. |
| 504 ## - BIBLIOGRAPHY, ETC. NOTE | |
| Bibliography, etc. note | Bibliography: p. 325-330. |
| 650 #0 - SUBJECT ADDED ENTRY--TOPICAL TERM | |
| Topical term or geographic name entry element | Electrocardiography. |
| 650 #0 - SUBJECT ADDED ENTRY--TOPICAL TERM | |
| Topical term or geographic name entry element | Heart |
| General subdivision | Diseases |
| -- | Diagnosis. |
| 650 #2 - SUBJECT ADDED ENTRY--TOPICAL TERM | |
| Topical term or geographic name entry element | Electrocardiography. |
| 700 1# - ADDED ENTRY--PERSONAL NAME | |
| Personal name | Myerburg, Robert J. |
| 700 1# - ADDED ENTRY--PERSONAL NAME | |
| Personal name | Hurst, J. Willis |
| Fuller form of name | (John Willis), |
| Dates associated with a name | 1920-2011. |
| 906 ## - LOCAL DATA ELEMENT F, LDF (RLIN) | |
| a | 7 |
| b | cbc |
| c | orignew |
| d | 1 |
| e | ocip |
| f | 19 |
| g | y-gencatlg |
| 942 ## - ADDED ENTRY ELEMENTS (KOHA) | |
| Source of classification or shelving scheme | |
| Koha item type | Book |
| Suppress in OPAC | PW |
| Withdrawn status | Lost status | Source of classification or shelving scheme | Damaged status | Not for loan | Permanent Location | Current Location | Shelving location | Date acquired | Total Checkouts | Full call number | Barcode | Date last seen | Price effective from | Koha item type | Public note | Source of acquisition | Copy number |
|---|---|---|---|---|---|---|---|---|---|---|---|---|---|---|---|---|---|
| AU LIBRARY | AU LIBRARY | Open Shelf | 06.07.2021 | RC683 .S55 1983 | 28003236 | 06.07.2021 | 06.07.2021 | Book | PW | ||||||||
| AU LIBRARY | AU LIBRARY | Open Shelf | 11.11.2021 | RC683 .S55 1983 C2 | 28004673 | 11.11.2021 | 11.11.2021 | Book | PW | DONATION FROM MOI UNIVERSITY | 2 | ||||||
| AU LIBRARY | AU LIBRARY | Open Shelf | 23.11.2021 | RC683 .S55 1983 C3 | 28004847 | 23.11.2021 | 23.11.2021 | Book | PW | DONATION FROM MOI UNIVERSITY | 3 | ||||||
| AU LIBRARY | AU LIBRARY | Open Shelf | 31.01.2022 | RC683 .S55 1983 C4 | 28005098 | 31.01.2022 | 31.01.2022 | Book | PW | DONATION FROM MOI UNIVERSITY | 4 | ||||||
| AU LIBRARY | AU LIBRARY | Open Shelf | 01.02.2022 | RC683 .S55 1983 C5 | 28005215 | 01.02.2022 | 01.02.2022 | Book | SM | DONATION FROM MOI UNIVERSITY | 5 | ||||||
| AU LIBRARY | AU LIBRARY | Open Shelf | 18.02.2022 | RC683 .S55 1983 C6 | 28005447 | 18.02.2022 | 18.02.2022 | Book | WO | DONATION FROM MOI UNIVERSITY | 6 | ||||||
| AU LIBRARY | AU LIBRARY | Open Shelf | 23.03.2022 | RC683 .S55 1983 C7 | 28006279 | 23.03.2022 | 23.03.2022 | Book | JO | DONATION FROM MOI UNIVERSITY | 7 | ||||||
| AU LIBRARY | AU LIBRARY | Open Shelf | 23.03.2022 | RC683 .S55 1983 C8 | 28006518 | 23.03.2022 | 23.03.2022 | Book | SM | DONATION FROM MOI UNIVERSITY | 8 | ||||||
| AU LIBRARY | AU LIBRARY | Open Shelf | 29.03.2022 | RC683 .S55 1983 C9 | 28011674 | 29.03.2022 | 29.03.2022 | Book | WO | DONATION FROM MOI UNIVERSITY | 9 | ||||||
| AU LIBRARY | AU LIBRARY | Open Shelf | 29.03.2022 | RC683 .S55 1983 C10 | 28011676 | 29.03.2022 | 29.03.2022 | Book | WO | DONATION FROM MOI UNIVERSITY | 10 | ||||||
| AU LIBRARY | AU LIBRARY | Open Shelf | 29.03.2022 | RC683 .S55 1983 C11 | 28011677 | 29.03.2022 | 29.03.2022 | Book | WO | DONATION FROM MOI UNIVERSITY | 11 | ||||||
| AU LIBRARY | AU LIBRARY | Open Shelf | 29.03.2022 | RC683 .S55 1983 C12 | 28011678 | 29.03.2022 | 29.03.2022 | Book | WO | DONATION FROM MOI UNIVERSITY | 12 |